| 000 | 00799nam a2200241 i 4500 | ||
|---|---|---|---|
| 001 | 177689 | ||
| 003 | ES-MaACL | ||
| 005 | 20230906220404.0 | ||
| 008 | 110412s1987 sp ||||1| spa d | ||
| 020 | _a84-505-5897-2 | ||
| 080 | _a658.310.8 | ||
| 245 | 0 | 0 |
_aCómo seleccionar personal / _cDOPP Consultores, División de Recursos Humanos. |
| 260 |
_aMadrid : _bInstituto de la Pequeña y Mediana Empresa Industrial, _cD. L. 1987. |
||
| 300 |
_a95 p. ; _c21 cm. |
||
| 490 | 1 |
_aManuales IMPI ; _v17 |
|
| 500 | _aÍndice. | ||
| 504 | _aBibliografía: p. 94. | ||
| 650 | 1 | 4 |
_aSelección de personal. _917029 |
| 710 | 2 |
_aDOPP Consultores. _bDivisión de Recursos Humanos. _9146138 |
|
| 830 | 0 |
_aManuales IMPI ; _v17 _9190542 |
|
| 852 |
_aES-MaACL _jE-14884 _xOlim P-518 |
||
| 999 |
_c177689 _d177689 |
||